000 00755cam a2200205 4500
001 WB3818-03
008 020516n2002 000 0 eng u
035 _a(Sirsi) u117986
245 _aEconomics of scale
260 _c2002
490 _aBCIS Press Release
_v May 2002
520 _aBCIS study of Pricing Adjustment Factors shows pricing levels of buildings fall as project size increases. The falls are quite significant with a 12% difference between a £120 000 scheme and a £1m scheme. With table of size of contract and its effect on pricing levels.
590 _aWB
650 _aBUILDING PRICES
650 _aBCIS
650 _aTENDER PRICES
650 _aPRICING STRUCTURE
690 _aBUILT ENVIRONMENT-BUILDING COSTS
942 _n0
999 _c70270
_d70270